000 00325nam a2200133Ia 4500
008 191201s2004 xx 000 0 und d
100 _aBENNETT, Ian (Ed.)
245 0 _aRugs and Carpets of The World
250 _a1st.
260 _a-
_bGreenwich Edition
_c2004
300 _a352
650 _aGeneral Books
942 _2ddc
_cBK
999 _c2477
_d2477